| 000 | 00392nam a2200157Ia 4500 | ||
|---|---|---|---|
| 008 | 230524s9999 xx 000 0 und d | ||
| 082 |
_a363.73 _bSOD |
||
| 100 | _aG.S.Sodhi | ||
| 245 | 0 | _aFundamental Concents of Environmental Chemistry | |
| 250 | _a14TH | ||
| 260 |
_aNEW DELHI _bNarosa _c2005 |
||
| 300 | _a465 | ||
| 500 | _aQuantity Number: 2 | ||
| 650 | _aEnvironmental | ||
| 942 | _cBK | ||
| 999 |
_c12894 _d12894 |
||